00134 a2200073 45000010005000001000014000052450023000192600018000423708 aPak Publi aPakistan:- 1959-60 abPak Public